000 00657cam a22002054a 4500
005 20250605164310.0
008 250528s ||||||||||||||||||||||||d
035 _a22446
020 _a9789600343519
040 _aGR-AtMCL
_bgre
_dGR-AtMCL
_eAACR2
245 1 _aΟΔΗΓΟΣ ΣΤΡΑΤΗΓΙΚΗΣ ΣΤΗ ΔΙΚΤΥΑΚΗ ΟΙΚΟΝΟΜΙΑ / Η ΕΠΙΧΕΙΡΗΣΙΑΚΗ ΣΤΡΑΤΗΓΙΚΗ ΣΤΗΝ ΟΙΚΟΝΟΜΙΑ ΤΩΝ ΠΛΗΡΟΦΟΡΙΩΝ
250 _a1
260 _bΚαστανιώτη,
_c2006
300 _a390
700 1 _aShapiro Carl
_98271
700 1 _aVarian Hal R
_97
942 _cBK
999 _c7498
_d7498